| 000 | 00556nam a2200169Ia 4500 | ||
|---|---|---|---|
| 003 | IN-BaIIA | ||
| 008 | 211028s9999 xx s 000 0 eng d | ||
| 020 | _a9780819454201 (Print) | ||
| 040 | _cIIA Library | ||
| 100 | _aHasinger, Günther, ed. | ||
| 245 | 0 |
_aUV and Gamma-Ray Space Telescope Systems _h[eBook] |
|
| 260 |
_aWashington, USA _bSPIE _c2004 |
||
| 300 | _aOnline resource | ||
| 490 | _aProceedings of SPIE; V. 5488 | ||
| 856 |
_uhttps://www.spiedigitallibrary.org/conference-proceedings-of-spie/5488 _yClick Here to Access eBook |
||
| 942 | _cEB | ||
| 999 |
_c33527 _d33527 |
||